| 000 | 00798cam a2200277 4500 | ||
|---|---|---|---|
| 001 | ##E492 | ||
| 008 | 1958 | ||
| 035 | _a(Sirsi) u52335 | ||
| 041 | 0 | _aeng | |
| 050 | 0 | 4 |
_a333.0062 _c18 |
| 110 | 2 |
_aRoyal Institution of Chartered Surveyors _94900 |
|
| 245 | 0 | 4 | _aThe rules of conduct of the Royal Institution of Chartered Surveyors |
| 260 |
_aLondon _bRICS _c1958 |
||
| 300 |
_a3p. _c21cm. |
||
| 350 | _a0 | ||
| 490 | 0 | _aRICS Rules of Conduct | |
| 520 | _aPublished October 1958. | ||
| 650 | _aPROFESSIONAL CONDUCT | ||
| 650 | _aRICS BYE-LAWS | ||
| 650 | _aRICS REGULATIONS | ||
| 650 | _aRICS RULES OF CONDUCT | ||
| 651 | 4 |
_aUnited Kingdom _y |
|
| 690 | _aMANAGEMENT-BUSINESS MANAGEMENT-PROFESSIONAL PRACTICE | ||
| 942 | _n0 | ||
| 948 | _c04/03/1997 | ||
| 999 |
_c93035 _d93035 |
||